| 000 | 01000cam a2200265 a 4500 | ||
|---|---|---|---|
| 001 | 000001387 | ||
| 005 | 20260420105856.0 | ||
| 008 | 720519s1969 sp ad 001 0 spa | ||
| 040 |
_aDO-SdBNP _bspa _cBNPHU |
||
| 041 | 1 | 7 |
_aspa _heng |
| 082 |
_a519.5 _bM657m |
||
| 100 | 1 |
_aMills, Frederick Cecil, _d1892-1964. _94646 |
|
| 240 | 1 | 0 |
_aMétodos estadísticos. _lEspañol |
| 245 | 1 | 0 |
_aMétodos estadísticos / _cFrederick Cecil Mills ; traducción de Alejandro Herranz Yuste ; revisión, Alonso G. Barbancho. |
| 260 |
_aMadrid : _bAguilar, _c1969. |
||
| 300 |
_a872 p. : _btablas, grafs. ; _c22 cm. |
||
| 490 | 1 | _aBiblioteca de Ciencias Sociales | |
| 490 | 1 | _aSección primera: economía | |
| 534 |
_aTítulo original: _tStatistical methods. |
||
| 650 | 0 |
_aEstadística _94647 |
|
| 650 | 4 |
_aEconomía _xEstadísticas _93947 |
|
| 650 | 0 |
_aEstadística comercial _94648 |
|
| 700 | 1 |
_aHerranz Yuste, Alejandro, _etr. _94649 |
|
| 830 | 0 |
_aBiblioteca de Ciencias Sociales _pSección primera: economía _94650 |
|
| 999 |
_c1310 _d1310 |
||